000 00505nam a2200217Ia 4500
001 12550
003 GE_BSU
008 181216s||||||||xx |||||||||||||| ||und||
020 _a818448111X
040 _cGE_BSU
080 _a579
100 _aKumar,Banjan de
245 _aDiagnostic Microbiology (fort DMLT Students)
260 _aNew Delhi
260 _c2007
300 _a166p.24cm.
541 _h36Gel.
653 _aDiagnostic Microbiology
653 _aბიოლოგია
942 _cBK
999 _c45723
_d45723